[Event "DEM U12w 2022"]
[Site "Willingen GER"]
[Date "2022.06.10"]
[Round "8"]
[White "Schwarzfischer, Julia"]
[Black "Hoffmann, Svenja"]
[Result "1-0"]
[Termination "normal"]
[Board "7"]
[WhiteElo "1368"]
[BlackElo "1284"]
[WhiteClock "01:07:05"]
[BlackClock "00:58:06"]
[PlyCount "139"]
[WhiteFideId "16268105"]
[BlackFideId "16287312"]
[EventCountry "GER"]
[EventRounds "9"]
[EventType "swiss"]
[EventDate "2022.06.04"]

1. e4 {[%clk 01:30:59]} c5 {[%clk 01:30:39]} {[%emt 00:00:22]} 2. d3 {[%clk
01:31:17]} {[%emt 00:00:12]} d6 {[%clk 01:30:10]} {[%emt 00:00:58]} 3. g3
{[%clk 01:31:42]} {[%emt 00:00:06]} g6 {[%clk 01:30:03]} {[%emt 00:00:37]} 4.
f4 {[%clk 01:32:01]} {[%emt 00:00:11]} e6 {[%clk 01:29:47]} {[%emt 00:00:45]}
5. Nf3 {[%clk 01:32:13]} {[%emt 00:00:19]} Ne7 {[%clk 01:29:39]} {[%emt
00:00:38]} 6. Bg2 {[%clk 01:31:28]} {[%emt 00:01:15]} Bg7 {[%clk 01:29:11]}
{[%emt 00:00:57]} 7. c3 {[%clk 01:31:28]} {[%emt 00:00:31]} Nbc6 {[%clk
01:28:57]} {[%emt 00:00:44]} 8. Be3 {[%clk 01:31:02]} {[%emt 00:00:55]} b6
{[%clk 01:27:48]} {[%emt 00:01:39]} 9. Nbd2 {[%clk 01:26:42]} {[%emt 00:04:51]}
O-O {[%clk 01:26:28]} {[%emt 00:01:50]} 10. a3 {[%clk 01:26:39]} {[%emt
00:00:33]} Bb7 {[%clk 01:26:12]} {[%emt 00:00:45]} 11. O-O {[%clk 01:25:16]}
{[%emt 00:01:53]} Qc7 {[%clk 01:24:49]} {[%emt 00:01:53]} 12. Qc2 {[%clk
01:25:07]} {[%emt 00:00:40]} Rad8 {[%clk 01:23:50]} {[%emt 00:01:29]} 13. Rac1
{[%clk 01:24:28]} {[%emt 00:01:09]} Qd7 {[%clk 01:17:49]} {[%emt 00:06:30]} 14.
b4 {[%clk 01:23:22]} {[%emt 00:01:36]} f5 {[%clk 01:11:36]} {[%emt 00:06:44]}
15. b5 {[%clk 01:21:24]} {[%emt 00:02:29]} Na5 {[%clk 01:10:09]} {[%emt
00:01:55]} 16. c4 {[%clk 01:20:59]} {[%emt 00:00:56]} d5 {[%clk 01:08:35]}
{[%emt 00:02:02]} 17. e5 {[%clk 01:18:50]} {[%emt 00:02:40]} dxc4 {[%clk
01:07:10]} {[%emt 00:01:55]} 18. dxc4 {[%clk 01:19:03]} {[%emt 00:00:18]} Qd3
{[%clk 01:06:48]} {[%emt 00:00:52]} 19. Rfe1 {[%clk 01:17:46]} {[%emt
00:01:47]} Qxa3 {[%clk 01:04:25]} {[%emt 00:02:53]} 20. Ra1 {[%clk 01:17:24]}
{[%emt 00:00:51]} Qd3 {[%clk 01:04:42]} {[%emt 00:00:14]} 21. Qxd3 {[%clk
01:17:37]} {[%emt 00:00:17]} Rxd3 {[%clk 01:04:44]} {[%emt 00:00:27]} 22. Bxc5
{[%clk 01:17:54]} {[%emt 00:00:14]} Re8 {[%clk 01:03:08]} {[%emt 00:02:06]} 23.
Bd6 {[%clk 01:17:06]} {[%emt 00:01:17]} Nc8 {[%clk 01:01:10]} {[%emt 00:02:28]}
24. Ra3 {[%clk 01:14:40]} {[%emt 00:02:57]} Rxa3 {[%clk 01:00:09]} {[%emt
00:01:31]} 25. Bxa3 {[%clk 01:15:01]} {[%emt 00:00:09]} Bf8 {[%clk 01:00:17]}
{[%emt 00:00:22]} 26. Bxf8 {[%clk 01:14:46]} {[%emt 00:00:44]} Kxf8 {[%clk
01:00:34]} {[%emt 00:00:14]} 27. Ng5 {[%clk 01:14:47]} {[%emt 00:00:28]} Bxg2
{[%clk 01:00:10]} {[%emt 00:00:54]} 28. Kxg2 {[%clk 01:14:23]} {[%emt
00:00:54]} Kg7 {[%clk 00:59:45]} {[%emt 00:00:56]} 29. Rc1 {[%clk 01:10:47]}
{[%emt 00:04:05]} h6 {[%clk 00:59:16]} {[%emt 00:01:00]} 30. Ngf3 {[%clk
01:10:59]} {[%emt 00:00:18]} Re7 {[%clk 00:58:59]} {[%emt 00:00:47]} 31. Nd4
{[%clk 01:10:25]} {[%emt 00:01:04]} Rd7 {[%clk 00:58:35]} {[%emt 00:00:54]} 32.
N2f3 {[%clk 01:10:19]} {[%emt 00:00:35]} Kf7 {[%clk 00:58:41]} {[%emt
00:00:24]} 33. c5 {[%clk 01:10:20]} {[%emt 00:00:30]} Rc7 {[%clk 00:58:26]}
{[%emt 00:00:45]} 34. c6 {[%clk 01:10:28]} {[%emt 00:00:22]} Ne7 {[%clk
00:58:25]} {[%emt 00:00:31]} 35. Nd2 {[%clk 01:09:43]} {[%emt 00:01:15]} Nd5
{[%clk 00:58:24]} {[%emt 00:00:31]} 36. Kg1 {[%clk 01:08:29]} {[%emt 00:01:43]}
g5 {[%clk 00:57:48]} {[%emt 00:01:06]} 37. fxg5 {[%clk 01:03:59]} {[%emt
00:05:00]} hxg5 {[%clk 00:58:08]} {[%emt 00:00:10]} 38. N2f3 {[%clk 01:03:51]}
{[%emt 00:00:39]} g4 {[%clk 00:54:50]} {[%emt 00:03:48]} 39. Ng5+ {[%clk
01:03:38]} {[%emt 00:00:42]} Ke7 {[%clk 00:55:10]} {[%emt 00:00:10]} 40. Ngxe6
{[%clk 01:03:43]} {[%emt 00:00:24]} Rc8 {[%clk 00:55:29]} {[%emt 00:00:12]} 41.
c7 {[%clk 01:03:26]} {[%emt 00:00:48]} Nb3 {[%clk 00:55:20]} {[%emt 00:00:39]}
42. Nxb3 {[%clk 01:03:34]} {[%emt 00:00:22]} Kxe6 {[%clk 00:55:43]} {[%emt
00:00:06]} 43. Nd4+ {[%clk 01:03:32]} {[%emt 00:00:33]} Kxe5 {[%clk 00:55:30]}
{[%emt 00:00:43]} 44. Nc6+ {[%clk 01:03:54]} {[%emt 00:00:08]} Kd6 {[%clk
00:55:47]} {[%emt 00:00:13]} 45. Nxa7 {[%clk 01:02:20]} {[%emt 00:02:04]} Rxc7
{[%clk 00:56:05]} {[%emt 00:00:12]} 46. Nc6 {[%clk 01:02:04]} {[%emt 00:00:46]}
Nb4 {[%clk 00:55:24]} {[%emt 00:01:11]} 47. Rd1+ {[%clk 01:02:23]} {[%emt
00:00:12]} Kc5 {[%clk 00:55:46]} {[%emt 00:00:07]} 48. Rc1+ {[%clk 01:02:28]}
{[%emt 00:00:25]} Kd6 {[%clk 00:55:31]} {[%emt 00:00:45]} 49. Rd1+ {[%clk
01:01:41]} {[%emt 00:01:16]} Kc5 {[%clk 00:55:46]} {[%emt 00:00:15]} 50. Nd4
{[%clk 01:01:47]} {[%emt 00:00:24]} Nd5 {[%clk 00:53:32]} {[%emt 00:02:45]} 51.
Ne6+ {[%clk 01:01:33]} {[%emt 00:00:44]} Kxb5 {[%clk 00:51:43]} {[%emt
00:02:19]} 52. Rxd5+ {[%clk 01:01:33]} {[%emt 00:00:30]} Rc5 {[%clk 00:51:50]}
{[%emt 00:00:23]} 53. Nxc5 {[%clk 01:01:52]} {[%emt 00:00:10]} bxc5 {[%clk
00:52:16]} {[%emt 00:00:05]} 54. Rxf5 {[%clk 01:02:17]} {[%emt 00:00:04]} Kb4
{[%clk 00:52:38]} {[%emt 00:00:08]} 55. Rf4+ {[%clk 01:02:38]} {[%emt
00:00:09]} Kb3 {[%clk 00:52:56]} {[%emt 00:00:12]} 56. Rxg4 {[%clk 01:03:02]}
{[%emt 00:00:06]} c4 {[%clk 00:53:22]} {[%emt 00:00:05]} 57. Rf4 {[%clk
01:03:13]} {[%emt 00:00:19]} c3 {[%clk 00:53:39]} {[%emt 00:00:13]} 58. Rf1
{[%clk 01:03:36]} {[%emt 00:00:06]} c2 {[%clk 00:54:00]} {[%emt 00:00:10]} 59.
h4 {[%clk 01:04:03]} {[%emt 00:00:03]} Kb2 {[%clk 00:54:22]} {[%emt 00:00:08]}
60. h5 {[%clk 01:04:28]} {[%emt 00:00:05]} c1=Q {[%clk 00:54:46]} {[%emt
00:00:06]} 61. Rxc1 {[%clk 01:04:50]} {[%emt 00:00:07]} Kxc1 {[%clk 00:55:07]}
{[%emt 00:00:09]} 62. h6 {[%clk 01:05:07]} {[%emt 00:00:14]} Kd2 {[%clk
00:55:29]} {[%emt 00:00:08]} 63. h7 {[%clk 01:05:26]} {[%emt 00:00:11]} Ke3
{[%clk 00:55:52]} {[%emt 00:00:06]} 64. h8=Q {[%clk 01:05:36]} {[%emt
00:00:21]} Kf3 {[%clk 00:56:18]} {[%emt 00:00:04]} 65. Qd4 {[%clk 01:05:33]}
{[%emt 00:00:31]} Kxg3 {[%clk 00:56:43]} {[%emt 00:00:06]} 66. Qf6 {[%clk
01:05:40]} {[%emt 00:00:22]} Kg4 {[%clk 00:57:02]} {[%emt 00:00:13]} 67. Kf2
{[%clk 01:05:56]} {[%emt 00:00:14]} Kh5 {[%clk 00:57:22]} {[%emt 00:00:10]} 68.
Qg7 {[%clk 01:06:16]} {[%emt 00:00:09]} Kh4 {[%clk 00:57:43]} {[%emt 00:00:09]}
69. Qg6 {[%clk 01:06:40]} {[%emt 00:00:07]} Kh3 {[%clk 00:58:06]} {[%emt
00:00:07]} 70. Qg3+ {[%clk 01:07:05]} {[%emt 00:00:04]} 1-0

[Event "DEM U12w 2022"]
[Site "Willingen GER"]
[Date "2022.06.10"]
[Round "8"]
[White "Schube, Theresa"]
[Black "Vasylenko, Nadeja"]
[Result "1-0"]
[Termination "normal"]
[Board "8"]
[WhiteElo "1167"]
[BlackElo "1305"]
[WhiteClock "00:17:57"]
[BlackClock "00:26:24"]
[PlyCount "137"]
[WhiteFideId "34608800"]
[BlackFideId "34161457"]
[EventCountry "GER"]
[EventRounds "9"]
[EventType "swiss"]
[EventDate "2022.06.04"]

1. e4 {[%clk 01:30:56]} {[%emt 00:00:03]} e5 {[%clk 01:30:55]} {[%emt
00:00:06]} 2. Bc4 {[%clk 01:30:51]} {[%emt 00:00:34]} Nf6 {[%clk 01:30:54]}
{[%emt 00:00:31]} 3. d3 {[%clk 01:27:52]} {[%emt 00:03:29]} Nc6 {[%clk
01:29:18]} {[%emt 00:02:06]} 4. Nc3 {[%clk 01:24:57]} {[%emt 00:03:25]} Na5
{[%clk 01:27:04]} {[%emt 00:02:44]} 5. Bb3 {[%clk 01:24:58]} {[%emt 00:00:29]}
Nxb3 {[%clk 01:27:13]} {[%emt 00:00:21]} 6. axb3 {[%clk 01:25:04]} {[%emt
00:00:23]} h6 {[%clk 01:27:18]} {[%emt 00:00:26]} 7. Nf3 {[%clk 01:24:31]}
{[%emt 00:01:03]} d6 {[%clk 01:27:28]} {[%emt 00:00:21]} 8. h3 {[%clk
01:24:40]} {[%emt 00:00:20]} a6 {[%clk 01:27:30]} {[%emt 00:00:29]} 9. Be3
{[%clk 01:21:57]} {[%emt 00:03:12]} Be7 {[%clk 01:26:09]} {[%emt 00:01:50]} 10.
O-O {[%clk 01:18:02]} {[%emt 00:04:25]} O-O {[%clk 01:24:56]} {[%emt 00:01:43]}
11. Qd2 {[%clk 01:13:40]} {[%emt 00:04:53]} Be6 {[%clk 01:20:34]} {[%emt
00:04:52]} 12. Rad1 {[%clk 01:07:24]} {[%emt 00:06:46]} Nh7 {[%clk 01:10:44]}
{[%emt 00:10:20]} 13. d4 {[%clk 01:00:29]} {[%emt 00:07:24]} exd4 {[%clk
01:07:51]} {[%emt 00:03:24]} 14. Qxd4 {[%clk 00:56:05]} {[%emt 00:04:54]} Ng5
{[%clk 01:05:13]} {[%emt 00:03:08]} 15. Nxg5 {[%clk 00:53:52]} {[%emt
00:02:43]} Bxg5 {[%clk 01:05:35]} {[%emt 00:00:08]} 16. e5 {[%clk 00:48:55]}
{[%emt 00:05:28]} dxe5 {[%clk 00:59:23]} {[%emt 00:06:42]} 17. Qxe5 {[%clk
00:45:12]} {[%emt 00:04:12]} Qe7 {[%clk 00:55:29]} {[%emt 00:04:23]} 18. Bxg5
{[%clk 00:43:54]} {[%emt 00:01:49]} Qxg5 {[%clk 00:55:28]} {[%emt 00:00:31]}
19. Qxg5 {[%clk 00:43:53]} {[%emt 00:00:31]} hxg5 {[%clk 00:55:48]} {[%emt
00:00:10]} 20. Rd2 {[%clk 00:41:11]} {[%emt 00:03:13]} g4 {[%clk 00:53:41]}
{[%emt 00:02:36]} 21. hxg4 {[%clk 00:40:15]} {[%emt 00:01:26]} Bxg4 {[%clk
00:54:06]} {[%emt 00:00:05]} 22. f3 {[%clk 00:39:58]} {[%emt 00:00:47]} Be6
{[%clk 00:53:51]} {[%emt 00:00:45]} 23. g4 {[%clk 00:38:23]} {[%emt 00:02:05]}
Rfe8 {[%clk 00:48:19]} {[%emt 00:06:02]} 24. Nd5 {[%clk 00:33:15]} {[%emt
00:05:38]} Rad8 {[%clk 00:42:21]} {[%emt 00:06:24]} 25. Rfd1 {[%clk 00:31:33]}
{[%emt 00:02:16]} Rxd5 {[%clk 00:42:03]} {[%emt 00:00:48]} 26. Rxd5 {[%clk
00:31:51]} {[%emt 00:00:12]} Bxd5 {[%clk 00:42:30]} {[%emt 00:00:03]} 27. Rxd5
{[%clk 00:32:11]} {[%emt 00:00:11]} Re2 {[%clk 00:42:31]} {[%emt 00:00:27]} 28.
Rc5 {[%clk 00:32:09]} {[%emt 00:00:33]} c6 {[%clk 00:42:53]} {[%emt 00:00:08]}
29. b4 {[%clk 00:31:28]} {[%emt 00:01:11]} Kf8 {[%clk 00:42:48]} {[%emt
00:00:35]} 30. Kf1 {[%clk 00:30:26]} {[%emt 00:01:33]} Rh2 {[%clk 00:40:11]}
{[%emt 00:03:06]} 31. Ke1 {[%clk 00:30:09]} {[%emt 00:00:48]} Rh1+ {[%clk
00:40:25]} {[%emt 00:00:15]} 32. Kd2 {[%clk 00:29:46]} {[%emt 00:00:53]} Rg1
{[%clk 00:38:14]} {[%emt 00:02:41]} 33. Re5 {[%clk 00:27:59]} {[%emt 00:02:17]}
f6 {[%clk 00:38:33]} {[%emt 00:00:11]} 34. Re3 {[%clk 00:27:19]} {[%emt
00:01:10]} Rh1 {[%clk 00:36:42]} {[%emt 00:02:22]} 35. c4 {[%clk 00:19:11]}
{[%emt 00:08:37]} Kf7 {[%clk 00:35:16]} {[%emt 00:01:55]} 36. b3 {[%clk
00:15:10]} {[%emt 00:04:31]} Rh8 {[%clk 00:35:02]} {[%emt 00:00:43]} 37. Rd3
{[%clk 00:12:33]} {[%emt 00:03:07]} Ke7 {[%clk 00:34:29]} {[%emt 00:01:03]} 38.
Ke3 {[%clk 00:11:36]} {[%emt 00:01:27]} g6 {[%clk 00:28:14]} {[%emt 00:06:46]}
39. Kd4 {[%clk 00:07:14]} {[%emt 00:04:53]} Rd8+ {[%clk 00:27:32]} {[%emt
00:01:11]} 40. Ke3 {[%clk 00:07:18]} {[%emt 00:00:25]} Rxd3+ {[%clk 00:14:22]}
{[%emt 00:13:40]} 41. Kxd3 {[%clk 00:07:25]} {[%emt 00:00:24]} Kd7 {[%clk
00:14:37]} {[%emt 00:00:16]} 42. Kd4 {[%clk 00:28:07]} {[%emt 00:09:47]} Kd6
{[%clk 00:44:49]} {[%emt 00:00:18]} 43. f4 {[%clk 00:25:34]} {[%emt 00:03:04]}
b6 {[%clk 00:37:36]} {[%emt 00:07:42]} 44. c5+ {[%clk 00:23:28]} {[%emt
00:02:36]} bxc5+ {[%clk 00:37:58]} {[%emt 00:00:08]} 45. bxc5+ {[%clk
00:23:45]} {[%emt 00:00:13]} Ke6 {[%clk 00:37:03]} {[%emt 00:01:25]} 46. Ke4
{[%clk 00:19:56]} {[%emt 00:04:19]} g5 {[%clk 00:32:27]} {[%emt 00:05:06]} 47.
b4 {[%clk 00:16:44]} {[%emt 00:03:42]} gxf4 {[%clk 00:25:55]} {[%emt 00:07:01]}
48. Kxf4 {[%clk 00:16:18]} {[%emt 00:00:56]} Kd5 {[%clk 00:26:17]} {[%emt
00:00:09]} 49. Kf5 {[%clk 00:16:31]} {[%emt 00:00:17]} Kc4 {[%clk 00:26:43]}
{[%emt 00:00:04]} 50. Kxf6 {[%clk 00:16:30]} {[%emt 00:00:31]} Kxb4 {[%clk
00:27:09]} {[%emt 00:00:05]} 51. g5 {[%clk 00:16:47]} {[%emt 00:00:12]} Kxc5
{[%clk 00:27:24]} {[%emt 00:00:15]} 52. g6 {[%clk 00:17:08]} {[%emt 00:00:09]}
a5 {[%clk 00:27:17]} {[%emt 00:00:37]} 53. g7 {[%clk 00:17:32]} {[%emt
00:00:06]} Kb4 {[%clk 00:27:41]} {[%emt 00:00:07]} 54. g8=Q {[%clk 00:17:49]}
{[%emt 00:00:11]} c5 {[%clk 00:27:37]} {[%emt 00:00:35]} 55. Qa2 {[%clk
00:17:59]} {[%emt 00:00:19]} c4 {[%clk 00:27:49]} {[%emt 00:00:19]} 56. Ke5
{[%clk 00:18:14]} {[%emt 00:00:14]} a4 {[%clk 00:24:56]} {[%emt 00:03:25]} 57.
Kd4 {[%clk 00:17:27]} {[%emt 00:01:16]} c3 {[%clk 00:25:17]} {[%emt 00:00:09]}
58. Kd3 {[%clk 00:16:42]} {[%emt 00:01:14]} c2 {[%clk 00:23:09]} {[%emt
00:02:39]} 59. Kxc2 {[%clk 00:16:45]} {[%emt 00:00:27]} Ka5 {[%clk 00:23:21]}
{[%emt 00:00:18]} 60. Qa3 {[%clk 00:16:16]} {[%emt 00:00:59]} Kb5 {[%clk
00:23:41]} {[%emt 00:00:10]} 61. Kc3 {[%clk 00:16:32]} {[%emt 00:00:13]} Ka5
{[%clk 00:23:31]} {[%emt 00:00:40]} 62. Qb4+ {[%clk 00:16:16]} {[%emt
00:00:46]} Ka6 {[%clk 00:23:57]} {[%emt 00:00:06]} 63. Qxa4+ {[%clk 00:16:33]}
{[%emt 00:00:12]} Kb6 {[%clk 00:24:24]} {[%emt 00:00:03]} 64. Qc4 {[%clk
00:16:21]} {[%emt 00:00:42]} Ka7 {[%clk 00:24:48]} {[%emt 00:00:06]} 65. Qb5
{[%clk 00:16:31]} {[%emt 00:00:20]} Ka8 {[%clk 00:25:14]} {[%emt 00:00:04]} 66.
Kc4 {[%clk 00:16:54]} {[%emt 00:00:06]} Ka7 {[%clk 00:25:40]} {[%emt 00:00:05]}
67. Kc5 {[%clk 00:17:19]} {[%emt 00:00:06]} Ka8 {[%clk 00:25:58]} {[%emt
00:00:11]} 68. Kc6 {[%clk 00:17:42]} {[%emt 00:00:06]} Ka7 {[%clk 00:26:24]}
{[%emt 00:00:05]} 69. Qb7# {[%clk 00:17:57]} {[%emt 00:00:11]} 1-0

[Event "DEM U12w 2022"]
[Site "Willingen GER"]
[Date "2022.06.10"]
[Round "8"]
[White "Vogt, Luna"]
[Black "Türel, Tugce"]
[Result "1-0"]
[Termination "normal"]
[Board "9"]
[WhiteElo "1334"]
[BlackElo "1312"]
[WhiteClock "00:36:42"]
[BlackClock "00:43:28"]
[PlyCount "61"]
[WhiteFideId "34607153"]
[BlackFideId "26350602"]
[EventCountry "GER"]
[EventRounds "9"]
[EventType "swiss"]
[EventDate "2022.06.04"]

1. d4 {[%clk 01:30:59]} d5 {[%clk 01:30:55]} {[%emt 00:00:05]} 2. c4 {[%emt
00:00:06]} c6 {[%clk 01:31:07]} {[%emt 00:00:17]} 3. Nf3 {[%clk 01:31:49]}
{[%emt 00:00:06]} Nf6 {[%clk 01:31:26]} {[%emt 00:00:10]} 4. Nc3 {[%clk
01:31:59]} {[%emt 00:00:20]} e6 {[%clk 01:31:45]} {[%emt 00:00:12]} 5. Bg5
{[%clk 01:31:56]} {[%emt 00:00:32]} Nbd7 {[%clk 01:32:06]} {[%emt 00:00:09]} 6.
e3 {[%clk 01:31:56]} {[%emt 00:00:31]} Qa5 {[%clk 01:31:33]} {[%emt 00:01:03]}
7. Nd2 {[%clk 01:32:04]} {[%emt 00:00:21]} dxc4 {[%clk 01:30:08]} {[%emt
00:01:54]} 8. Bxf6 {[%clk 01:32:24]} {[%emt 00:00:11]} Nxf6 {[%clk 01:30:21]}
{[%emt 00:00:17]} 9. Nxc4 {[%clk 01:31:41]} {[%emt 00:01:13]} Qd8 {[%clk
01:29:46]} {[%emt 00:00:45]} 10. Rc1 {[%clk 01:30:27]} {[%emt 00:02:04]} Nd5
{[%clk 01:28:40]} {[%emt 00:01:36]} 11. g3 {[%clk 01:24:56]} {[%emt 00:06:01]}
Nxc3 {[%clk 01:25:44]} {[%emt 00:03:26]} 12. bxc3 {[%clk 01:25:14]} {[%emt
00:00:12]} Qd5 {[%clk 01:25:59]} {[%emt 00:00:16]} 13. f3 {[%clk 01:22:40]}
{[%emt 00:03:04]} b5 {[%clk 01:25:25]} {[%emt 00:01:04]} 14. e4 {[%clk
01:22:06]} {[%emt 00:01:03]} Qd8 {[%clk 01:23:17]} {[%emt 00:02:35]} 15. Ne3
{[%clk 01:19:08]} {[%emt 00:03:32]} f5 {[%clk 01:22:05]} {[%emt 00:01:42]} 16.
Bg2 {[%clk 01:16:43]} {[%emt 00:02:54]} g6 {[%clk 01:21:08]} {[%emt 00:01:27]}
17. O-O {[%clk 01:14:36]} {[%emt 00:02:36]} Bh6 {[%clk 01:11:27]} {[%emt
00:10:11]} 18. f4 {[%clk 01:10:34]} {[%emt 00:04:32]} O-O {[%clk 01:09:57]}
{[%emt 00:02:01]} 19. exf5 {[%clk 01:06:54]} {[%emt 00:04:10]} exf5 {[%clk
01:08:04]} {[%emt 00:02:22]} 20. Qb3+ {[%clk 01:05:58]} {[%emt 00:01:26]} Kh8
{[%clk 01:07:05]} {[%emt 00:01:30]} 21. Bxc6 {[%clk 01:05:45]} {[%emt
00:00:43]} Rb8 {[%clk 01:07:07]} {[%emt 00:00:28]} 22. Rfe1 {[%clk 01:00:15]}
{[%emt 00:06:00]} Qd6 {[%clk 01:02:30]} {[%emt 00:05:07]} 23. Bd5 {[%clk
00:55:41]} {[%emt 00:05:04]} Re8 {[%clk 00:58:31]} {[%emt 00:04:28]} 24. c4
{[%clk 00:46:15]} {[%emt 00:09:57]} bxc4 {[%clk 00:57:25]} {[%emt 00:01:35]}
25. Nxc4 {[%clk 00:43:29]} {[%emt 00:03:18]} Rxe1+ {[%clk 00:46:07]} {[%emt
00:11:47]} 26. Rxe1 {[%clk 00:43:50]} {[%emt 00:00:09]} Qc7 {[%clk 00:45:12]}
{[%emt 00:01:25]} 27. Re8+ {[%clk 00:41:46]} {[%emt 00:02:33]} Kg7 {[%clk
00:44:23]} {[%emt 00:01:20]} 28. Qe3 {[%clk 00:37:20]} {[%emt 00:04:56]} Kf6
{[%clk 00:43:36]} {[%emt 00:01:17]} 29. Qe5+ {[%clk 00:36:43]} {[%emt
00:01:07]} Qxe5 {[%clk 00:43:28]} {[%emt 00:00:37]} 30. dxe5+ {[%clk 00:37:03]}
{[%emt 00:00:11]} Kg7 {[%emt 00:00:54]} 31. Rg8# {[%clk 00:36:42]} 1-0